000
00251nam a22001217a 4500
008
180212b xxu||||| |||| 00| 0 eng d
041
_a
eng
080
_a
7
100
_a
44
101
_a
ART
245
_a
Miszellaneen
_c
Boerner,C.G
942
_2
udc
_c
BK
999
_c
42289
_d
42289